<?xml version="1.0" encoding="UTF-8"?>
<collection xmlns="http://www.loc.gov/MARC21/slim">
 <record>
  <leader>01305nam a22001811  4500</leader>
  <controlfield tag="001">1/21515</controlfield>
  <controlfield tag="008">990316s1957    gr              11  gre d</controlfield>
  <datafield tag="035" ind1=" " ind2=" ">
   <subfield code="l">22173</subfield>
  </datafield>
  <datafield tag="040" ind1=" " ind2=" ">
   <subfield code="a">GR-PeUP</subfield>
  </datafield>
  <datafield tag="090" ind1=" " ind2=" ">
   <subfield code="a">330.949'5 OI</subfield>
  </datafield>
  <datafield tag="245" ind1="0" ind2="0">
   <subfield code="a">Οικονομική Ελλάς, 1957 :</subfield>
   <subfield code="b">γεωγραφία και κλιματολογικά χαρακτηριστικά, πληθυσμός, απασχόλησις-ανεργία-κοινωνική ασφάλισις, εθνικόν εισόδημα-παραγωγή, μεταφοραί-επικοινωνίαι, τιμαί, νόμισμα-τράπεζαι-πίστις, δημόσια οικονομικά, ισοζύγιον πληρωμών, οικονομική εκπαίδευσις /</subfield>
   <subfield code="c">επιμ. Αποστ. Λάζαρη`</subfield>
  </datafield>
  <datafield tag="260" ind1=" " ind2=" ">
   <subfield code="a">Αθήναι :</subfield>
   <subfield code="b">[χ.ό.],</subfield>
   <subfield code="c">[1957]</subfield>
  </datafield>
  <datafield tag="500" ind1=" " ind2=" ">
   <subfield code="a">Ανάτυπον από το εγκυκλοπαιδικόν ημερολόγιον 1959 της σχολής</subfield>
  </datafield>
  <datafield tag="650" ind1=" " ind2="4">
   <subfield code="a">Οικονομία</subfield>
   <subfield code="z">Ελλάδα.</subfield>
  </datafield>
  <datafield tag="650" ind1=" " ind2="4">
   <subfield code="a">Κλιματολογία</subfield>
   <subfield code="z">Ελλάδα.</subfield>
  </datafield>
  <datafield tag="650" ind1=" " ind2="4">
   <subfield code="a">Πληθωρισμός</subfield>
   <subfield code="z">Ελλάδα.</subfield>
  </datafield>
  <datafield tag="700" ind1="1" ind2=" ">
   <subfield code="a">Λάζαρης, Απόστολος Α.,</subfield>
   <subfield code="d">1921-</subfield>
   <subfield code="e">επιμ.</subfield>
  </datafield>
  <datafield tag="852" ind1=" " ind2=" ">
   <subfield code="a">INST</subfield>
   <subfield code="b">UNIPILB</subfield>
   <subfield code="c">REF</subfield>
   <subfield code="e">20040709</subfield>
   <subfield code="h">330.949'5 OI</subfield>
   <subfield code="p">00119687</subfield>
   <subfield code="q">00119687</subfield>
   <subfield code="t">NOLOAN</subfield>
   <subfield code="y">23</subfield>
   <subfield code="4">1</subfield>
  </datafield>
 </record>
</collection>
